000 00645nam a22001937a 4500
008 160227b xxu||||| |||| 00| 0 eng d
020 _a9712360046
082 _22011
_aDFil 346.07
_bD37l
100 _93205
_aDe Leon, Hector S.
245 _aThe Law on obligations and contracts/
_cHector S. De Leon and Hector M. De Leon.
250 _a2011 Revised Edition
260 _aManila :
_bRex Book Store ,
_c©2011.
300 _axxiii, 465 pages ;
_c23 cm.
650 0 _93207
_aCommercial law
650 0 _93209
_aObligation (Law)
_zPhilippines
650 0 _93210
_aContracts
_zPhilippines
700 _93211
_aDe Leon, Hector M.
942 _2ddc
_cDRES
999 _c1141
_d1141